Star Wars Quiz - Statistics

General Stats
  • This quiz has been taken 321 times
  • The average score is 13 of 20
Answer Stats
Hint Answer % Correct
What planet did Luke Skywalker grow up on? Tatooine
95%
Who is the creator of Star Wars? George Lucas
92%
Who is the administrator of Cloud City? Lando Calrissian
90%
Who plays Mace Windu? Samuel L Jackson
89%
What type of droid is C-3PO? Protocol Droid
87%
What is Luke Skywalker's aunt's first name? Beru
79%
What is the name of the order that activates the clones' true purpose? Order 66
76%
What are the professions of Luke Skywalker's aunt and uncle? Moisture Farmers
74%
What is the name of the Viceroy of the Trade Federation? Nute Gunray
74%
On what planet are the clones made? Kamino
70%
What is the monster beneath Jabba's palace called? The Rancor
69%
Who voices Darth Vader? James Earl Jones
65%
Who does Dooku hire to assassinate Padme? Jango Fett
63%
On what planet is the first battle of the Clone War? Geonosis
61%
What is the leader of the Gungans called? Boss Nass
60%
What are the symbiotic life forms inside all human cells called? Midichlorians
58%
Who is the puppeteer behind Yoda? Frank Oz
47%
What classic quote is heard in all six films? I have a bad feeling about this
46%
Who performs as Darth Vader? David Prowse
32%
What is the city of the Gungans called? Ootah Gunga
3%
No matching quizzes found
Score Distribution
Percent of People with Each Score
Percentile by Number Answered
Your Score History
You have not taken this quiz